000 00998cab a2200265 4500
001 ABS60082
008 090401t1999 xxu||||| |||| 00| 0 eng d
035 _a(Sirsi) u91272
041 _aeng
100 _aTasker, R.
245 4 _aThe potential effects of climate change on the construction industry
260 _c1999
350 _a0
490 _aBuilding Engineer
_v74(1) January/February 1999, 21-23(3)
520 _aLooks at the possible impact of global warming on the construction industry, including the revision of design codes to take account of increased frequency and severity of storms and high winds, and the effect on productivity and the construction process. Includes climate change predictions, graphs and references.
650 _aCLIMATE CHANGE
650 _aCONSTRUCTION INDUSTRY
650 _aFORECASTS
650 _aGLOBAL WARMING
650 _aGREENHOUSE EFFECT
650 _aWEATHER
690 _aBUILT ENVIRONMENT
942 _n0
948 _c12/02/1999
999 _c57923
_d57923